Der Bürger-Philosoph: Jürgen Habermas zum 80. Geburtstag /

Uloženo v:
Podrobná bibliografie
Hlavní autor: Meyer, Thomas 1943-
Médium: Kniha
Jazyk:German
Tagy: Přidat tag
Žádné tagy, Buďte první, kdo vytvoří štítek k tomuto záznamu!

MARC

LEADER 00000nam a22000007a 4500
003 cru CIDCACS/IIS
005 20170511160131.0
007 ta
008 170511s2009 gw ||||| |||| 00| 0 ger d
040 |c cru CIDCACS/IIS 
100 1 |9 4658  |a Meyer, Thomas  |d 1943- 
245 1 |a Der Bürger-Philosoph:  |b Jürgen Habermas zum 80. Geburtstag /  |c Thomas Meyer 
300 |a páginas 66-69 
773 0 |0 19298  |9 783  |d Alemania: Verlag J.H.W. Dietz Nachf 1985-  |o R17807  |t Neue Gesellschaft: 
942 |2 ddc  |c PP 
999 |c 19300  |d 19300